000
00234cam a2200097ua 4500
001
24999
008
190926n II |||gr||||Z||||||eng
100
_a
VASISTHA, A.R.
245
_a
LINEAR ALGEBRA & MATRICES
999
_c
28246
_d
28246